Logo BPK

Biblioteka

Politechniki Koszalińskiej

Ispolzovanie sovremennych naucnych sredstv v fiziceskich demonstracijach / (Rekord nr 26642)

Szczegóły MARC
000 -ETYKIETA REKORDU
podpole kontrolne o stałej długości 00379nam a2200145 i 4500
001 - NUMER KONTROLNY REKORDU
pole kontrolne bg
040 ## - ŹRÓDŁO KATALOGOWANIA
Instytucja, która utworzyła rekord BPK
041 ## - KOD JĘZYKA
Kod języka tekstu pol
008 - POLE O STAŁEJ DŁUGOŚCI - DANE KONTROLNE
podpole kontrolne o stałej długości s pl f |000 0 pol
100 1# - NAZWA OSOBOWA
Nazwa osobowa PERKALSKIS, B. S.
245 #0 - TYTUŁ/ODPOWIEDZIALNOŚĆ
Tytuł Ispolzovanie sovremennych naucnych sredstv v fiziceskich demonstracijach /
Pozostałe elementy strefy tytułu i oznaczenia odpowiedzialności B.S. Perkalskis.
250 ## - STREFA WYDANIA
Oznaczenie wydania Izd.2.
260 ## - STREFA ADRESU WYDAWNICZEGO
Miejsce wydania Moskva,
Data publikacji, dystrybucji/powstania dokumentu 1971.
856 ## - LOKALIZACJA I DOSTĘP DO ELEKTRONICZNYCH DOKUMENTÓW ZDALNYCH
Link (URL) http://koha.tu.koszalin.pl/cgi-bin/koha/opac-detail.pl?biblionumber=26642
Tekst linku Katalog online BPK
942 ## - DODATKOWE ELEMENTY (KOHA)
Typ dokumentu Książka
Egzemplarze
Wycofany Status egzemplarza Uszkodzony Dostępność Lokalizacja stała Lokalizacja bieżąca Miejsce przechowywania Sygnatura Kod kreskowy Typ dokumentu
      Dostępny Biblioteka Politechniki Koszalińskiej Biblioteka Politechniki Koszalińskiej Wypożyczalnia BG 18150 01717365 Książka
© 2023 Biblioteka Politechniki Koszalińskiej :: KOHA